| 000 | 00460nam a22001697a 4500 | ||
|---|---|---|---|
| 003 | CEME | ||
| 005 | 20210628210657.0 | ||
| 008 | 210211b xxu||||| |||| 00| 0 eng d | ||
| 040 | _c. | ||
| 082 | _a621.382 HEL | ||
| 100 |
_aMoschytz, George Helfenstein, Markus _980484 |
||
| 245 | _aCircuits and systems for wireless communications | ||
| 260 |
_aBOSTON _bKLUWER _c2000 |
||
| 300 | _aXX,444P | ||
| 650 |
_aWIERELESS COMMUNICATIONS _980485 |
||
| 942 |
_cBK _2ddc |
||
| 999 |
_c585409 _d585409 |
||